=LDR 00000nam 2200000 4500 =001 INLIS000000000036124 =005 20151029162430.0 =006 =007 =008 Ind =035 ##$$0010-061300000036124 =041 ##$$a Ind =082 ##$$a F Rom K =090 ##$$a F Rom K, Mag m =245 ##$$a The magical story, the lion king (kisah sang raja rimba), alih bahasa, Dini Pandia =260 ##$$a 2010 $b Jakarta =300 ##$$a 27 hlm, ilus, 21 cm =650 ##$$a Fiksi kanak =700 ##$$a Pandia, Dini =850 ##$$a NBPNMAT =990 ##$$a 21400613/BPAP-NTB/20142014 =990 ##$$a 0001/BPAP-NTB/20142014 =990 ##$$a 0001/BPAP-NTB/2015 =990 ##$$a 0001/BPAP-NTB/2015 =990 ##$$a 0001/BPAP-NTB/2015 =990 ##$$a 0001/BPAP-NTB/2015 =990 ##$$a 21400613/BPAP-NTB/20142014 =990 ##$$a 0001/BPAP-NTB/20142014 =990 ##$$a 0001/BPAP-NTB/2015 =990 ##$$a 0001/BPAP-NTB/2015 =990 ##$$a 0001/BPAP-NTB/2015